000 00447cam a2200157ua 4500
003 OSt
008 250707b |||||||| |||| 00| 0 eng d
041 _aeng
082 _a624.18341
_bPUR/RE
100 _aPurushothaman, P.
_97021
245 _aReinforced concrete structural elements: behaviour analysis and design /
250 _a1 /
260 _aNew Delhi :
_bTata Mc-Graw Hill Publishing Company ,
_c1984.
300 _a709 ; .
942 _cBK
999 _c2126
_d2126